Vita Quotidiana Vita cristiana

Kaydedildi:
Detaylı Bibliyografya
Yazar: Card.Suenes
Materyal Türü: Kitap
Dil:Bilinmeyen Dil
Baskı/Yayın Bilgisi: Edizione Paolini
Etiketler: Etiketle
Etiket eklenmemiş, İlk siz ekleyin!

MARC

LEADER 00000nam a2200000Ia 4500
001 R-26
003 CODICE-MESSINA
005 20260212102445.0
008 260211s9999 xx 000 0 und d
040 |c importazione_messina 
100 |a Card.Suenes 
245 0 |a Vita Quotidiana 
245 0 |b Vita cristiana 
260 |b Edizione Paolini 
942 |2 ddc  |c BK 
952 |0 0  |1 0  |2 ddc  |4 0  |6 SCAFFALE_1_000000000000000__RELIGIONE  |7 0  |9 30837  |a ME  |b ME  |d 2026-02-11  |l 0  |o SCAFFALE 1 - RELIGIONE  |p R-26  |r 2026-02-11 23:52:10  |w 2026-02-11  |x [REVISIONARE]  |y BK 
999 |c 26504  |d 26504